| 000 | 00633nam a22002057a 4500 | ||
|---|---|---|---|
| 003 | SISC | ||
| 005 | 20160819103535.0 | ||
| 008 | 141008b xxu||||| |||| 00| 0 eng d | ||
| 020 | _a9789812533531 | ||
| 050 |
_aG 155.A1 _b.G552 2012 |
||
| 100 | _aGoeldner, Charles R. | ||
| 245 |
_aTourism : _bprinciples, practices, philosophies / |
||
| 250 | _a12th edition. | ||
| 260 |
_aNew Jersey : _bJohn Wiley & Sons, Inc., _c2012. |
||
| 300 |
_a494 pages : _billustrations ; _c24 cm. |
||
| 500 | _aIncludes bibliographical references, glossary and index. | ||
| 521 | _aTourism | ||
| 650 |
_aTourism _xPrinciples. |
||
| 942 |
_2lcc _cBK _kFOR |
||
| 999 |
_c276031 _d276031 |
||